000 00369nam a2200157Ia 4500
003 Ost
005 20260225132558.0
008 260225s9999||||xx |||||||||||||| ||und||
040 _cfsic
041 _afre
082 _a355.02
100 _aA.Bouzaouier
_eAuteur
245 0 _ales societes trannationales de militarisme /
245 0 _cA.Bouzaouier
942 _cكتاب
999 _c34602
_d34602